| 000 | 01474 a2200181 4500 | ||
|---|---|---|---|
| 003 | Nust | ||
| 005 | 20230202130454.0 | ||
| 040 | _cNust | ||
| 082 | _a953.53,OMA | ||
| 100 |
_aBin Said, Sultan Qaboos, _9108485 |
||
| 245 |
_aOMAN' 97: _cSultan Qaboos Bin Said / |
||
| 260 |
_aMinistry of Infromation _bEstablishment for press _c1997 |
||
| 300 |
_a246 p _bdigars , maps _cillus _e18 cm |
||
| 505 | _aH.M Sultan Qaboos Bin Said Al Said (Page-8), Basic Statute of the State (Page-21), History (Page-36), Geography (Page-40), Government and Legal Affairs (Page-46), Foreign Affairs (Page-54), Information (Page-68), Defense (Page-75), Royal Oman Police (Page-86), National Economy and Development (Page-92), Commerce and Industry (Page-106), Oil and Gas (Page-122), Minerals (Page-131), Agriculture (Page-134), Fisheries (Page-143), Water Resources (Page-146), Domestic Water (Page-153), Electricity (Page-155), Social Affairs and Labor (Page-159), Communication (Page-165), Posts and Telecommunication (Page-174), Education (Page-182), Higher Education (Page-187), Youth (Page-193), Health (Page-202), Housing (Page-209), National Heritage and Culture (Page-213), Interior (Page-220), Regional Municipalities and Environments (Page-222), Justice Awqaf and Islamic Affairs (Page-232), Civil Service (Page-238), Vocational Training (Page-241), Oman in Brief (Page-245). | ||
| 600 |
_aBin Said, Sultan Qaboos, _9108485 |
||
| 650 |
_aSultanate of Oman _9108486 |
||
| 942 |
_2ddc _cBK |
||
| 999 |
_c187209 _d187209 |
||